000 00575nam a22001697a 4500
005 20251108165454.0
008 250721s9999 xx 000 0 ara d
082 1 4 _aم/028.7/مير
100 1 _aفتوحي، ميرى عبودى
245 1 0 _aتقويم المراجع العربية و الأجنبية /
264 1 _aالكويت :
_bوزارة الثقافة و الفنون : وكالة المطبوعات،
_c[19-].
300 _a364ص
650 1 7 _aالمواد المرجعية
650 1 7 _aإستخدام المراجع
942 _2ddc
_cREF
999 _c28720
_d28720